El siglo XVIII español y los intentos de formación de un Corpus Diplomaticum / (Record no. 104437)

MARC details
000 -LEADER
campo de control de longitud fija 00764nam a2200205 i 4500
001 - NÚMERO DE CONTROL
campo de control 104437
003 - IDENTIFICADOR DE NÚMERO DE CONTROL
campo de control ES-MaACL
005 - FECHA Y HORA DE LA ÚLTIMA TRANSACCIÓN
campo de control 20230906183614.0
007 - CAMPO FIJO DE DESCRIPCIÓN FÍSICA--INFORMACIÓN GENERAL
campo de control de longitud fija t|
008 - DATOS DE LONGITUD FIJA--INFORMACIÓN GENERAL
campo de control de longitud fija 051130s1925 sp |||| | spa d
100 1# - ENTRADA PRINCIPAL--NOMBRE DE PERSONA
Nombre de persona Millares Carlo, Agustín,
Fechas asociadas al nombre 1893-1980
9 (RLIN) 81176
245 13 - MENCIÓN DEL TÍTULO
Título El siglo XVIII español y los intentos de formación de un Corpus Diplomaticum /
Mención de responsabilidad, etc. Agustín Millares Carlo.
260 ## - PUBLICACIÓN, DISTRIBUCIÓN, ETC.
Lugar de publicación, distribución, etc. Madrid :
Nombre del editor, distribuidor, etc. [s.n.],
Fecha de publicación, distribución, etc. 1925 (
Fabricante Imp. Municipal)
300 ## - DESCRIPCIÓN FÍSICA
Extensión 18 p. ;
Dimensiones 24 cm.
595 ## -
-- Tirada aparte de: Revista de la Biblioteca, Archivo y Museo, año 2, n. 8 (oct. 1925)
650 #4 - PUNTO DE ACCESO ADICIONAL DE MATERIA--TÉRMINO DE MATERIA
Término de materia o nombre geográfico como elemento de entrada Diplomática-
Subdivisión geográfica España-
Subdivisión cronológica S.XVIII.
9 (RLIN) 170817
650 #4 - PUNTO DE ACCESO ADICIONAL DE MATERIA--TÉRMINO DE MATERIA
Término de materia o nombre geográfico como elemento de entrada Historiografía-
Subdivisión geográfica España-
Subdivisión cronológica S.XVIII.
9 (RLIN) 13444
852 ## - LOCALIZACIÓN
Ubicación ES-MaACL
Número de control de estantería 1691-F-11
Holdings
Estatus retirado Estado de pérdida Estado de daño No para préstamo Colección Biblioteca de origen Biblioteca actual Ubicación en estantería Fecha de adquisición Fuente de adquisición Total de préstamos Signatura topográfica completa Código de barras Visto por última vez Precio de reemplazo Tipo de ítem Koha
        Colección de folletos Biblioteca del Ateneo de Madrid Biblioteca del Ateneo de Madrid Depósito folletos 17/01/2008     1691-F-11 1109041 23/02/2023 23/02/2023 Folleto